[Event "Schwarzach op-B"]
[Site "Schwarzach"]
[Date "1997.08.26"]
[Round "4.4"]
[White "Loeb, Walter"]
[Black "Reiter, Johann"]
[Result "1/2-1/2"]
[WhiteElo "1844"]
[BlackElo "1756"]
[PlyCount "40"]
[EventDate "1997.08.23"]
[EventType "swiss"]
[EventRounds "9"]
[EventCountry "AUT"]
[SourceTitle "EXT 1999"]
[Source "ChessBase"]
[SourceDate "1998.11.16"]
[SourceVersion "1"]
[SourceVersionDate "1998.11.16"]
[SourceQuality "1"]

1. e4 c5 2. Nf3 Nc6 3. b3 d6 4. c4 Bg4 5. Be2 Nf6 6. Nc3 e5 7. 0-0 Be7 8. d3 0-0 9. Be3 Nd7 10. Nd5 f5 11. exf5 Bxf5 12. Qd2 Nf6 13. a3 Nxd5 14. cxd5 Nd4 15. Bxd4 cxd4 16. Rfc1 Qb6 17. Rc4 Rac8 18. Qb4 Qxb4 19. axb4 a6 20. Rac1 Bd7 1/2-1/2